000 00740nam a2200253Ia 4500
003 OSt
005 20220927105855.0
006 a|||||r|||| 00| 0
007 ta
008 220926b |||||||| |||| 00| 0 eng d
024 _a24517
037 _cReference Collections
040 _aRTL
_cRTL
_beng
041 _2eng
_aeng
082 _a"X:533p5,N61, K4"
110 _aSTICHING GROTUS SEMINARIUM.
_9375502
111 _aStichting grotius seminarium (May - Jun : )
_9375503
245 0 _aLimits and problems of European integration Conference
260 _c1963
650 _aEconomics
700 _aSTICHING GROTUS SEMINARIUM.
_9375504
942 _h"X:533p5,N61, K4"
_cCC
999 _c695039
_d695039